| Tag |
First Indicator |
Second Indicator |
Subfields |
| LEADER |
00000cam a2200000 4500 |
| 001 |
in00000031619 |
| 005 |
20151007061738.0 |
| 008 |
750815s1953 paua 00000 eng u |
| 010 |
|
|
|a 53010133
|
| 035 |
|
|
|a (OCoLC)01550769
|
| 035 |
|
|
|9 AAD2937AM
|
| 040 |
|
|
|c FQG
|d OCL
|d TXA
|d UtOrBLW
|
| 049 |
|
|
|a TXAM
|c [260611]
|
| 050 |
|
0 |
|a RA766
|b .W686 1953
|
| 082 |
0 |
|
|a 613
|
| 092 |
|
|
|a 613
|b W723f, 1953
|
| 100 |
1 |
|
|a Williams, Jennie.
|
| 245 |
1 |
0 |
|a Family health.
|
| 250 |
|
|
|a Rev.
|
| 264 |
|
1 |
|a Philadelphia :
|b Lippincott,
|c [1953]
|
| 300 |
|
|
|a 561 pages :
|b illustrations ;
|c 23 cm.
|
| 336 |
|
|
|a text
|b txt
|2 rdacontent
|
| 337 |
|
|
|a unmediated
|b n
|2 rdamedia
|
| 338 |
|
|
|a volume
|b nc
|2 rdacarrier
|
| 650 |
|
0 |
|a Hygiene.
|
| 650 |
|
0 |
|a Medicine, Popular.
|
| 650 |
|
0 |
|a Infants
|x Health and hygiene.
|
| 999 |
|
|
|a MARS
|
| 999 |
f |
f |
|s 6a921601-f945-3bd8-9b5b-923f6819cd20
|i ee0f5ff3-a8ec-324e-b0fd-e174c1bc3a6d
|t 0
|
| 952 |
f |
f |
|p ric
|a Texas A&M University
|b Rellis Campus
|c Joint Library Facility
|d Remote Storage
|t 0
|e RA766 .W686 1953
|h Library of Congress classification
|i unmediated -- volume
|m A14801028715
|
| 998 |
f |
f |
|a RA766 .W686 1953
|t 0
|l Remote Storage
|